<?xml version="1.0" encoding="UTF-8"?>
<record
    xmlns:xsi="http://www.w3.org/2001/XMLSchema-instance"
    xsi:schemaLocation="http://www.loc.gov/MARC21/slim http://www.loc.gov/standards/marcxml/schema/MARC21slim.xsd"
    xmlns="http://www.loc.gov/MARC21/slim">

  <leader>00495    a2200217   4500</leader>
  <controlfield tag="001">148419</controlfield>
  <controlfield tag="003">OSt</controlfield>
  <controlfield tag="005">20210929113747.0</controlfield>
  <controlfield tag="008">                                        </controlfield>
  <datafield tag="020" ind1=" " ind2=" ">
    <subfield code="a">9781259004346</subfield>
  </datafield>
  <datafield tag="082" ind1=" " ind2=" ">
    <subfield code="a">535</subfield>
    <subfield code="b">G34O</subfield>
  </datafield>
  <datafield tag="100" ind1="1" ind2=" ">
    <subfield code="a">Ghatak, Ajoy</subfield>
  </datafield>
  <datafield tag="245" ind1="1" ind2=" ">
    <subfield code="a">Optics</subfield>
    <subfield code="c">by Ajoy Ghatak</subfield>
  </datafield>
  <datafield tag="250" ind1=" " ind2=" ">
    <subfield code="a">5th ed.</subfield>
  </datafield>
  <datafield tag="260" ind1=" " ind2=" ">
    <subfield code="a">New Delhi</subfield>
    <subfield code="b">McGraw Hill</subfield>
    <subfield code="c">2014</subfield>
  </datafield>
  <datafield tag="300" ind1=" " ind2=" ">
    <subfield code="a">vp.</subfield>
  </datafield>
  <datafield tag="653" ind1=" " ind2=" ">
    <subfield code="a">Physics</subfield>
  </datafield>
  <datafield tag="653" ind1=" " ind2=" ">
    <subfield code="a">Fiber optics</subfield>
  </datafield>
  <datafield tag="653" ind1=" " ind2=" ">
    <subfield code="a">Nonlinear optics</subfield>
  </datafield>
  <datafield tag="942" ind1=" " ind2=" ">
    <subfield code="2">ddc</subfield>
    <subfield code="c">BK</subfield>
  </datafield>
  <datafield tag="999" ind1=" " ind2=" ">
    <subfield code="c">13520</subfield>
    <subfield code="d">13520</subfield>
  </datafield>
  <datafield tag="952" ind1=" " ind2=" ">
    <subfield code="0">0</subfield>
    <subfield code="1">0</subfield>
    <subfield code="4">0</subfield>
    <subfield code="7">0</subfield>
    <subfield code="8">TXB</subfield>
    <subfield code="a">CURAJ</subfield>
    <subfield code="b">CURAJ</subfield>
    <subfield code="d">2015-09-11</subfield>
    <subfield code="e">PHY</subfield>
    <subfield code="g">0.00</subfield>
    <subfield code="l">5</subfield>
    <subfield code="o">535 G34O</subfield>
    <subfield code="p">22089</subfield>
    <subfield code="r">2024-11-21</subfield>
    <subfield code="s">2023-07-04</subfield>
    <subfield code="w">2020-09-02</subfield>
    <subfield code="y">BK</subfield>
  </datafield>
  <datafield tag="952" ind1=" " ind2=" ">
    <subfield code="0">0</subfield>
    <subfield code="1">0</subfield>
    <subfield code="4">0</subfield>
    <subfield code="7">0</subfield>
    <subfield code="8">TXB</subfield>
    <subfield code="a">CURAJ</subfield>
    <subfield code="b">CURAJ</subfield>
    <subfield code="d">2015-09-11</subfield>
    <subfield code="e">PHY</subfield>
    <subfield code="g">0.00</subfield>
    <subfield code="l">13</subfield>
    <subfield code="o">535 G34O</subfield>
    <subfield code="p">22100</subfield>
    <subfield code="r">2026-02-17</subfield>
    <subfield code="s">2026-02-02</subfield>
    <subfield code="w">2020-09-02</subfield>
    <subfield code="y">BK</subfield>
  </datafield>
  <datafield tag="952" ind1=" " ind2=" ">
    <subfield code="0">0</subfield>
    <subfield code="1">0</subfield>
    <subfield code="2">ddc</subfield>
    <subfield code="4">0</subfield>
    <subfield code="5">1</subfield>
    <subfield code="7">1</subfield>
    <subfield code="8">RTB</subfield>
    <subfield code="a">CURAJ</subfield>
    <subfield code="b">CURAJ</subfield>
    <subfield code="d">2015-09-11</subfield>
    <subfield code="e">PHY</subfield>
    <subfield code="g">0.00</subfield>
    <subfield code="l">2</subfield>
    <subfield code="o">535 G34O</subfield>
    <subfield code="p">22088</subfield>
    <subfield code="r">2024-11-21</subfield>
    <subfield code="s">2022-04-13</subfield>
    <subfield code="w">2020-09-02</subfield>
    <subfield code="y">BK</subfield>
  </datafield>
  <datafield tag="952" ind1=" " ind2=" ">
    <subfield code="0">0</subfield>
    <subfield code="1">0</subfield>
    <subfield code="4">0</subfield>
    <subfield code="7">0</subfield>
    <subfield code="8">TXB</subfield>
    <subfield code="a">CURAJ</subfield>
    <subfield code="b">CURAJ</subfield>
    <subfield code="d">2015-09-11</subfield>
    <subfield code="e">PHY</subfield>
    <subfield code="g">0.00</subfield>
    <subfield code="l">21</subfield>
    <subfield code="o">535 G34O</subfield>
    <subfield code="p">22102</subfield>
    <subfield code="r">2026-06-05</subfield>
    <subfield code="s">2026-05-19</subfield>
    <subfield code="w">2020-09-02</subfield>
    <subfield code="y">BK</subfield>
  </datafield>
  <datafield tag="952" ind1=" " ind2=" ">
    <subfield code="0">0</subfield>
    <subfield code="1">0</subfield>
    <subfield code="4">0</subfield>
    <subfield code="7">0</subfield>
    <subfield code="8">TXB</subfield>
    <subfield code="a">CURAJ</subfield>
    <subfield code="b">CURAJ</subfield>
    <subfield code="d">2015-09-11</subfield>
    <subfield code="e">PHY</subfield>
    <subfield code="g">0.00</subfield>
    <subfield code="l">15</subfield>
    <subfield code="o">535 G34O</subfield>
    <subfield code="p">22101</subfield>
    <subfield code="r">2026-06-03</subfield>
    <subfield code="s">2026-05-19</subfield>
    <subfield code="w">2020-09-02</subfield>
    <subfield code="y">BK</subfield>
  </datafield>
  <datafield tag="952" ind1=" " ind2=" ">
    <subfield code="0">0</subfield>
    <subfield code="1">0</subfield>
    <subfield code="4">0</subfield>
    <subfield code="7">0</subfield>
    <subfield code="8">TXB</subfield>
    <subfield code="a">CURAJ</subfield>
    <subfield code="b">CURAJ</subfield>
    <subfield code="d">2015-09-11</subfield>
    <subfield code="e">PHY</subfield>
    <subfield code="g">0.00</subfield>
    <subfield code="l">5</subfield>
    <subfield code="o">535 G34O</subfield>
    <subfield code="p">22103</subfield>
    <subfield code="r">2024-11-21</subfield>
    <subfield code="s">2023-05-08</subfield>
    <subfield code="w">2020-09-02</subfield>
    <subfield code="y">BK</subfield>
  </datafield>
  <datafield tag="952" ind1=" " ind2=" ">
    <subfield code="0">0</subfield>
    <subfield code="1">0</subfield>
    <subfield code="4">0</subfield>
    <subfield code="7">0</subfield>
    <subfield code="8">TXB</subfield>
    <subfield code="a">CURAJ</subfield>
    <subfield code="b">CURAJ</subfield>
    <subfield code="d">2015-09-11</subfield>
    <subfield code="e">PHY</subfield>
    <subfield code="g">0.00</subfield>
    <subfield code="l">10</subfield>
    <subfield code="o">535 G34O</subfield>
    <subfield code="p">22092</subfield>
    <subfield code="r">2026-04-15</subfield>
    <subfield code="s">2026-04-01</subfield>
    <subfield code="w">2020-09-02</subfield>
    <subfield code="y">BK</subfield>
  </datafield>
  <datafield tag="952" ind1=" " ind2=" ">
    <subfield code="0">0</subfield>
    <subfield code="1">0</subfield>
    <subfield code="4">0</subfield>
    <subfield code="7">0</subfield>
    <subfield code="8">TXB</subfield>
    <subfield code="a">CURAJ</subfield>
    <subfield code="b">CURAJ</subfield>
    <subfield code="d">2015-09-11</subfield>
    <subfield code="e">PHY</subfield>
    <subfield code="g">0.00</subfield>
    <subfield code="l">3</subfield>
    <subfield code="o">535 G34O</subfield>
    <subfield code="p">22091</subfield>
    <subfield code="r">2024-11-21</subfield>
    <subfield code="s">2023-04-11</subfield>
    <subfield code="w">2020-09-02</subfield>
    <subfield code="y">BK</subfield>
  </datafield>
  <datafield tag="952" ind1=" " ind2=" ">
    <subfield code="0">0</subfield>
    <subfield code="1">0</subfield>
    <subfield code="4">0</subfield>
    <subfield code="7">0</subfield>
    <subfield code="8">TXB</subfield>
    <subfield code="a">CURAJ</subfield>
    <subfield code="b">CURAJ</subfield>
    <subfield code="d">2015-09-11</subfield>
    <subfield code="e">PHY</subfield>
    <subfield code="g">0.00</subfield>
    <subfield code="l">10</subfield>
    <subfield code="o">535 G34O</subfield>
    <subfield code="p">22094</subfield>
    <subfield code="r">2026-04-09</subfield>
    <subfield code="s">2026-03-12</subfield>
    <subfield code="w">2020-09-02</subfield>
    <subfield code="y">BK</subfield>
  </datafield>
  <datafield tag="952" ind1=" " ind2=" ">
    <subfield code="0">0</subfield>
    <subfield code="1">0</subfield>
    <subfield code="2">ddc</subfield>
    <subfield code="4">0</subfield>
    <subfield code="5">1</subfield>
    <subfield code="7">1</subfield>
    <subfield code="8">RTB</subfield>
    <subfield code="a">CURAJ</subfield>
    <subfield code="b">CURAJ</subfield>
    <subfield code="d">2015-09-11</subfield>
    <subfield code="e">PHY</subfield>
    <subfield code="g">0.00</subfield>
    <subfield code="l">2</subfield>
    <subfield code="o">535 G34O</subfield>
    <subfield code="p">22093</subfield>
    <subfield code="r">2024-11-21</subfield>
    <subfield code="s">2022-04-06</subfield>
    <subfield code="w">2020-09-02</subfield>
    <subfield code="y">BK</subfield>
  </datafield>
  <datafield tag="952" ind1=" " ind2=" ">
    <subfield code="0">0</subfield>
    <subfield code="1">0</subfield>
    <subfield code="4">0</subfield>
    <subfield code="7">0</subfield>
    <subfield code="8">TXB</subfield>
    <subfield code="a">CURAJ</subfield>
    <subfield code="b">CURAJ</subfield>
    <subfield code="d">2015-09-11</subfield>
    <subfield code="e">PHY</subfield>
    <subfield code="g">0.00</subfield>
    <subfield code="l">5</subfield>
    <subfield code="o">535 G34O</subfield>
    <subfield code="p">22096</subfield>
    <subfield code="r">2026-03-06</subfield>
    <subfield code="s">2026-02-18</subfield>
    <subfield code="w">2020-09-02</subfield>
    <subfield code="y">BK</subfield>
  </datafield>
  <datafield tag="952" ind1=" " ind2=" ">
    <subfield code="0">0</subfield>
    <subfield code="1">0</subfield>
    <subfield code="4">0</subfield>
    <subfield code="7">0</subfield>
    <subfield code="8">TXB</subfield>
    <subfield code="a">CURAJ</subfield>
    <subfield code="b">CURAJ</subfield>
    <subfield code="d">2015-09-11</subfield>
    <subfield code="e">PHY</subfield>
    <subfield code="g">0.00</subfield>
    <subfield code="l">9</subfield>
    <subfield code="o">535 G34O</subfield>
    <subfield code="p">22095</subfield>
    <subfield code="r">2026-05-25</subfield>
    <subfield code="s">2026-05-08</subfield>
    <subfield code="w">2020-09-02</subfield>
    <subfield code="y">BK</subfield>
  </datafield>
  <datafield tag="952" ind1=" " ind2=" ">
    <subfield code="0">0</subfield>
    <subfield code="1">0</subfield>
    <subfield code="2">ddc</subfield>
    <subfield code="4">0</subfield>
    <subfield code="5">1</subfield>
    <subfield code="7">1</subfield>
    <subfield code="8">RTB</subfield>
    <subfield code="a">CURAJ</subfield>
    <subfield code="b">CURAJ</subfield>
    <subfield code="d">2015-09-11</subfield>
    <subfield code="e">PHY</subfield>
    <subfield code="g">0.00</subfield>
    <subfield code="l">2</subfield>
    <subfield code="o">535 G34O</subfield>
    <subfield code="p">22098</subfield>
    <subfield code="r">2024-11-21</subfield>
    <subfield code="s">2022-03-29</subfield>
    <subfield code="w">2020-09-02</subfield>
    <subfield code="y">BK</subfield>
  </datafield>
  <datafield tag="952" ind1=" " ind2=" ">
    <subfield code="0">0</subfield>
    <subfield code="1">0</subfield>
    <subfield code="4">0</subfield>
    <subfield code="7">0</subfield>
    <subfield code="8">TXB</subfield>
    <subfield code="a">CURAJ</subfield>
    <subfield code="b">CURAJ</subfield>
    <subfield code="d">2015-09-11</subfield>
    <subfield code="e">PHY</subfield>
    <subfield code="g">0.00</subfield>
    <subfield code="l">20</subfield>
    <subfield code="o">535 G34O</subfield>
    <subfield code="p">22097</subfield>
    <subfield code="r">2026-04-17</subfield>
    <subfield code="s">2026-04-01</subfield>
    <subfield code="w">2020-09-02</subfield>
    <subfield code="y">BK</subfield>
  </datafield>
  <datafield tag="952" ind1=" " ind2=" ">
    <subfield code="0">0</subfield>
    <subfield code="1">0</subfield>
    <subfield code="4">0</subfield>
    <subfield code="7">0</subfield>
    <subfield code="8">TXB</subfield>
    <subfield code="a">CURAJ</subfield>
    <subfield code="b">CURAJ</subfield>
    <subfield code="d">2015-09-11</subfield>
    <subfield code="e">PHY</subfield>
    <subfield code="g">0.00</subfield>
    <subfield code="l">9</subfield>
    <subfield code="o">535 G34O</subfield>
    <subfield code="p">22090</subfield>
    <subfield code="r">2024-11-21</subfield>
    <subfield code="s">2023-05-03</subfield>
    <subfield code="w">2020-09-02</subfield>
    <subfield code="y">BK</subfield>
  </datafield>
  <datafield tag="952" ind1=" " ind2=" ">
    <subfield code="0">0</subfield>
    <subfield code="1">0</subfield>
    <subfield code="4">0</subfield>
    <subfield code="7">0</subfield>
    <subfield code="8">TXB</subfield>
    <subfield code="a">CURAJ</subfield>
    <subfield code="b">CURAJ</subfield>
    <subfield code="d">2015-09-11</subfield>
    <subfield code="e">PHY</subfield>
    <subfield code="g">0.00</subfield>
    <subfield code="l">10</subfield>
    <subfield code="o">535 G34O</subfield>
    <subfield code="p">22099</subfield>
    <subfield code="r">2024-11-21</subfield>
    <subfield code="s">2024-03-28</subfield>
    <subfield code="w">2020-09-02</subfield>
    <subfield code="y">BK</subfield>
  </datafield>
  <datafield tag="952" ind1=" " ind2=" ">
    <subfield code="0">0</subfield>
    <subfield code="1">0</subfield>
    <subfield code="4">0</subfield>
    <subfield code="7">0</subfield>
    <subfield code="8">TXB</subfield>
    <subfield code="a">CURAJ</subfield>
    <subfield code="b">CURAJ</subfield>
    <subfield code="d">2015-09-11</subfield>
    <subfield code="e">PHY</subfield>
    <subfield code="g">0.00</subfield>
    <subfield code="l">11</subfield>
    <subfield code="o">535 G34O</subfield>
    <subfield code="p">22079</subfield>
    <subfield code="r">2026-03-16</subfield>
    <subfield code="s">2026-02-16</subfield>
    <subfield code="w">2020-09-02</subfield>
    <subfield code="y">BK</subfield>
  </datafield>
  <datafield tag="952" ind1=" " ind2=" ">
    <subfield code="0">0</subfield>
    <subfield code="1">0</subfield>
    <subfield code="4">0</subfield>
    <subfield code="7">0</subfield>
    <subfield code="8">TXB</subfield>
    <subfield code="a">CURAJ</subfield>
    <subfield code="b">CURAJ</subfield>
    <subfield code="d">2015-09-11</subfield>
    <subfield code="e">PHY</subfield>
    <subfield code="g">0.00</subfield>
    <subfield code="l">8</subfield>
    <subfield code="o">535 G34O</subfield>
    <subfield code="p">22081</subfield>
    <subfield code="r">2024-11-21</subfield>
    <subfield code="s">2024-01-08</subfield>
    <subfield code="w">2020-09-02</subfield>
    <subfield code="y">BK</subfield>
  </datafield>
  <datafield tag="952" ind1=" " ind2=" ">
    <subfield code="0">0</subfield>
    <subfield code="1">0</subfield>
    <subfield code="4">0</subfield>
    <subfield code="7">0</subfield>
    <subfield code="8">TXB</subfield>
    <subfield code="a">CURAJ</subfield>
    <subfield code="b">CURAJ</subfield>
    <subfield code="d">2015-09-11</subfield>
    <subfield code="e">PHY</subfield>
    <subfield code="g">0.00</subfield>
    <subfield code="l">8</subfield>
    <subfield code="o">535 G34O</subfield>
    <subfield code="p">22080</subfield>
    <subfield code="r">2026-01-21</subfield>
    <subfield code="s">2026-01-20</subfield>
    <subfield code="w">2020-09-02</subfield>
    <subfield code="y">BK</subfield>
  </datafield>
  <datafield tag="952" ind1=" " ind2=" ">
    <subfield code="0">0</subfield>
    <subfield code="1">0</subfield>
    <subfield code="2">ddc</subfield>
    <subfield code="4">0</subfield>
    <subfield code="5">1</subfield>
    <subfield code="7">1</subfield>
    <subfield code="8">RTB</subfield>
    <subfield code="a">CURAJ</subfield>
    <subfield code="b">CURAJ</subfield>
    <subfield code="d">2015-09-11</subfield>
    <subfield code="e">PHY</subfield>
    <subfield code="g">0.00</subfield>
    <subfield code="l">2</subfield>
    <subfield code="o">535 G34O</subfield>
    <subfield code="p">22083</subfield>
    <subfield code="r">2024-11-21</subfield>
    <subfield code="s">2022-04-20</subfield>
    <subfield code="w">2020-09-02</subfield>
    <subfield code="y">BK</subfield>
  </datafield>
  <datafield tag="952" ind1=" " ind2=" ">
    <subfield code="0">0</subfield>
    <subfield code="1">0</subfield>
    <subfield code="4">0</subfield>
    <subfield code="7">0</subfield>
    <subfield code="8">TXB</subfield>
    <subfield code="a">CURAJ</subfield>
    <subfield code="b">CURAJ</subfield>
    <subfield code="d">2015-09-11</subfield>
    <subfield code="e">PHY</subfield>
    <subfield code="g">0.00</subfield>
    <subfield code="l">9</subfield>
    <subfield code="o">535 G34O</subfield>
    <subfield code="p">22082</subfield>
    <subfield code="r">2026-02-05</subfield>
    <subfield code="s">2026-01-28</subfield>
    <subfield code="w">2020-09-02</subfield>
    <subfield code="y">BK</subfield>
  </datafield>
  <datafield tag="952" ind1=" " ind2=" ">
    <subfield code="0">0</subfield>
    <subfield code="1">0</subfield>
    <subfield code="4">0</subfield>
    <subfield code="7">0</subfield>
    <subfield code="8">TXB</subfield>
    <subfield code="a">CURAJ</subfield>
    <subfield code="b">CURAJ</subfield>
    <subfield code="d">2015-09-11</subfield>
    <subfield code="e">PHY</subfield>
    <subfield code="g">0.00</subfield>
    <subfield code="l">10</subfield>
    <subfield code="o">535 G34O</subfield>
    <subfield code="p">22085</subfield>
    <subfield code="r">2026-06-03</subfield>
    <subfield code="s">2026-05-22</subfield>
    <subfield code="w">2020-09-02</subfield>
    <subfield code="y">BK</subfield>
  </datafield>
  <datafield tag="952" ind1=" " ind2=" ">
    <subfield code="0">0</subfield>
    <subfield code="1">0</subfield>
    <subfield code="4">0</subfield>
    <subfield code="7">0</subfield>
    <subfield code="8">TXB</subfield>
    <subfield code="a">CURAJ</subfield>
    <subfield code="b">CURAJ</subfield>
    <subfield code="d">2015-09-11</subfield>
    <subfield code="e">PHY</subfield>
    <subfield code="g">0.00</subfield>
    <subfield code="l">18</subfield>
    <subfield code="o">535 G34O</subfield>
    <subfield code="p">22084</subfield>
    <subfield code="r">2026-06-09</subfield>
    <subfield code="s">2026-05-26</subfield>
    <subfield code="w">2020-09-02</subfield>
    <subfield code="y">BK</subfield>
  </datafield>
  <datafield tag="952" ind1=" " ind2=" ">
    <subfield code="0">0</subfield>
    <subfield code="1">0</subfield>
    <subfield code="4">0</subfield>
    <subfield code="7">0</subfield>
    <subfield code="8">TXB</subfield>
    <subfield code="a">CURAJ</subfield>
    <subfield code="b">CURAJ</subfield>
    <subfield code="d">2015-09-11</subfield>
    <subfield code="e">PHY</subfield>
    <subfield code="g">0.00</subfield>
    <subfield code="l">7</subfield>
    <subfield code="o">535 G34O</subfield>
    <subfield code="p">22087</subfield>
    <subfield code="r">2026-02-18</subfield>
    <subfield code="s">2026-02-11</subfield>
    <subfield code="w">2020-09-02</subfield>
    <subfield code="y">BK</subfield>
  </datafield>
  <datafield tag="952" ind1=" " ind2=" ">
    <subfield code="0">0</subfield>
    <subfield code="1">0</subfield>
    <subfield code="4">0</subfield>
    <subfield code="7">0</subfield>
    <subfield code="8">TXB</subfield>
    <subfield code="a">CURAJ</subfield>
    <subfield code="b">CURAJ</subfield>
    <subfield code="d">2015-09-11</subfield>
    <subfield code="e">PHY</subfield>
    <subfield code="g">0.00</subfield>
    <subfield code="o">535 G34O</subfield>
    <subfield code="p">22086</subfield>
    <subfield code="r">2024-11-21</subfield>
    <subfield code="w">2020-09-02</subfield>
    <subfield code="y">BK</subfield>
  </datafield>
</record>
